000
00204 a2200085 4500
999
_c
325881
_d
325881
001
90808
003
NUST
082
_a
297.44 ISL
245
_a
Adaab e Zindagi
_c
Moulana Muhammad Yousuf Istlahi
942
_a
CAE NUST
_c
BK
_k
297.44
_2
ddc